000 01073nam a2200229Ia 4500
001 15689
003 GE_BSU
008 181216s||||||||xx |||||||||||||| ||und||
040 _cGE_BSU
080 _a821.353.1-1 + 821.353.1-11 + 821.353.1-32 + 821.353.1-92
100 _aჭავჭავაძე, ი. (ილია, 1837-1907)
245 _aთხზულებანი
245 _bლექსები, პოემები, მოთხრობები. წერილები
245 _cშეადგინა, შესავალი წერილი, შენიშვნები და ლექსიკონი დაურთო ლ. მინაშვილმა.რედ. მ. ზუბადალაშვილი
260 _aთბილისი
260 _bნაკადული
260 _c1985
300 _a566 გვ. ; 20 სმ.
653 _aთხზულებანი
653 _aლექსები, პოემები, მოთხრობები. წერილები
942 _cBK
999 _c48787
_d48787